Aelian. (Registro nro. 318414)

Detalles MARC
000 -ENCABEZADO
Número de control [NR] 02047nam a22003257a 4500
005 - FECHA Y HORA DE LA ÚLTIMA TRANSACCIÓN
control field 20220218114922.0
008 - DE LONGITUD FIJA DE DATOS DE ELEMENTOS - INFORMACIÓN GENERAL
Elementos de longitud fija [NR] 201107s1997 enk |||f||||| 001 0 mul d
020 ## - NUMERO INTERNACIONAL NORMALIZADO PARA LIBROS [R]
Número Internacional Normalizado del libro [NR] 9780674995352
040 ## - FUENTE DE CATALOGACION [NR]
Quien Cataloga Sandra Yazo
Quien Clasifica Sandra Yazo
041 0# - CODIGO DE IDIOMA [R]
Código de idioma para texto/pista de sonido o título separado [R] Inglés
-- Griego
082 04 - NUMERO DE CLASIFICACION DECIMAL DEWEY [R]
Número de la edición [NR] 20
Número de clasificación [R] 591
092 ## - SIGNATURA TOPOGRAFICA LOCAL
Número de clasificación local E62N088
100 1# - ASIENTO PRINCIPAL--NOMBRE PERSONAL [NR]
Nombre personal [NR] Eliano, Claudio
ID Autoridad 101987
242 00 - TRADUCCION DEL TITULO POR LA AGENCIA CATALOGADORA [R]
Título [NR] Claudio Eliano.
Parte restante del título [NR] Miscelánea de historias [Historias coloridas].
Mención de responsabilidad, etc. [NR] Edición y traducción de N. G. Wilson.
Código de idioma del título traducido [NR] spa
245 10 - MENCION DE TITULO [NR]
Título [NR] Aelian.
Parte restante del título [NR] Historical Miscellany.
Mención de responsabilidad, etc. [NR] Edited and translated by N. G. Wilson.
260 ## - PUBLICACION, DISTRIBUCION, ETC. (PIE DE IMPRENTA) [R]
Lugar de publicación, distribución, etc. [R] London [Londres] (Inglaterra)
Nombre del editor, distribuidor, etc. [R] Harvard University Press [Imprenta de la Universidad de Harvard]
Fecha de publicación, distribución, etc. [R] 1997
300 ## - DESCRIPCION FISICA [R]
Extensión [R] 515 páginas
Dimensiones [R] 16 x 11 cm.
490 0# - MENCION DE SERIE [R]
Mención de serie [R] Loeb classical Library
Designación numérica/secuencial del volumen [NR] 486
500 ## - NOTA GENERAL [R]
Nota general [NR] Detalles físicos: Encuadernación rígida. Cartón duro forrado en tela. Lomo con adornos en dorado. En la tapa delantera anagrama en dorado. Cubierta de papel verde con solapa, que incluye datos de autor y de la obra. Guardas. Hoja de cortesía. Anteportada. Portada impresa en una sola tinta; información sobre la obra dentro de un recuadro. Pequeño grabado con el emblema de la Colección (Palas Athenea); en el círculo, la inscripción “Loeb Classical Library”. Texto muy bien impreso en una sola columna: el texto griego, con párrafos numerados, ocupa la página derecha; la traducción inglesa correspondiente a la página de la izquierda. Notas de pie de página. Incluye índice. Hojas de cortesía posteriores y guardas
505 0# - NOTA DE CONTENIDO CON FORMATO PREESTABLECIDO [R]
Nota de contenido con formato preestablecido [NR] Introducción ; Historias coloridas [Miscelánea de historias]: libros del I al XIV ; Fragmentos ; Índice
506 ## - NOTA DE RESTRICCIONES DE ACCESO [R]
Condiciones de acceso [NR] Consulta en sala
546 ## - NOTA DE IDIOMA [R]
Nota de idioma [NR] Texto en inglés y griego
650 #7 - ASIENTO SECUNDARIO DE MATERIA - TERMINO TEMATICO [R]
Término temático o nombre geográfico como elemento de entrada [NR] Literatura griega
9 (RLIN) 76
Subdivisión general [R] Anécdotas
650 #7 - ASIENTO SECUNDARIO DE MATERIA - TERMINO TEMATICO [R]
Término temático o nombre geográfico como elemento de entrada [NR] Literatura griega
9 (RLIN) 76
Subdivisión general [R] Poesía
650 #7 - ASIENTO SECUNDARIO DE MATERIA - TERMINO TEMATICO [R]
9 (RLIN) 8225
Subdivisión geográfica [R] Grecia
651 04 - ASIENTO SECUNDARIO DE MATERIA - NOMBRE GEOGRAFICO [R]
9 (RLIN) 26628
Nombre geográfico [NR] Grecia antigua
Subdivisión general [R] Vida social y costumbres
690 ## - ASUNTO AGREGADO LOCAL DE ENTRADA - TÉRMINO TEMÁTICO (OCLC, RLIN)
Acceso temático local Literatura griega
9 (RLIN) 76
700 1# - ASIENTO SECUNDARIO - NOMBRE PERSONAL [R]
Nombre personal [NR] Wilson, N.G.
Fechas asociadas con el nombre [NR] 1935-
Forma más completa del nombre [NR] (Nigel Guy)
9 (RLIN) 101989
Término de relación [R] traductor
942 ## - ELEMENTOS DE ENTRADA AGREGADOS (KOHA)
Sistema de clasificación LOCAL
Tipo de ítem principal el descrito en 300a Libro
Edición 1
Clasificación E62N088
Existencias
Suprimido Perdido Sistema de clasificación Dañado No prestable Tipo de ítem específico Ubicación habitual Ubicación actual Localización Fecha de creación Forma de adquisición Signatura topográfica Código de barras Última vez visto Ejemplar Price effective from Tipo de ítem
    LOCAL     Libro archivo Archivo Histórico Archivo Histórico Archivo histórico 21/12/2020 Compra E62N088 L010423 21/12/2020 Ej.1 21/12/2020 Libro